AFL GWS Giants Player Numbers - Statistics

General Stats
  • This quiz has been taken 7 times
  • The average score is 26 of 44
Answer Stats
Hint Answer % Correct
Toby Greene 4
100%
Clayton Oliver 10
83%
Phoenix Gothard 11
83%
Tom Green 12
83%
Finn Callaghan 17
83%
Jake Stringer 20
83%
Jesse Hogan 23
83%
Stephen Coniglio 3
83%
Aaron Cadman 5
83%
Lachie Ash 7
83%
Harvey Thomas 1
67%
Sam Taylor 15
67%
Darcy Jones 2
67%
Leek Aleer 21
67%
Jayden Laverde 25
67%
Harry Himmelberg 27
67%
Kieren Briggs 32
67%
Max Gruzewski 35
67%
Joe Fonti 37
67%
Connor Idun 39
67%
Jack Buckley 44
67%
Callum Brown 46
67%
Lachie Whitfield 6
67%
Oliver Hannaford 13
50%
Toby Bedford 14
50%
Brent Daniels 16
50%
Conor Stone 18
50%
Josh Kelly 22
50%
Harry Rowston 24
50%
Jake Riccardi 26
50%
Jack Ough 28
50%
Cody Angove 29
50%
James Leake 30
50%
Toby McMullin 31
50%
Xavier O'Halloran 33
50%
Josaia Delana 38
50%
Nicholas Madden 41
50%
Ryan Angwin 9
50%
Harrison Oliver 19
33%
Finnegan Davis 45
33%
Oskar Taylor 34
17%
Nathan Wardius 42
17%
Logan Smith 36
0%
Riley Hamilton 43
0%
No matching quizzes found
Score Distribution
Percent of People with Each Score
Percentile by Number Answered
Your Score History
You have not taken this quiz